| 000 | 00536cam a2200217ua 4500 | ||
|---|---|---|---|
| 020 | _c6.75 | ||
| 041 |
_amal _h |
||
| 082 |
_a516.3 _bELA/VI |
||
| 100 | _aElayath, P.N.N . | ||
| 245 |
_aVisleshaka jyamithi / _cP.N.N Elayath. _hTextual Documents |
||
| 260 |
_aThiruvananthapuram : _bState Instititute of Languages , _c1972. |
||
| 300 | _a171 ; . | ||
| 365 | _a6.75 | ||
| 504 | _a | ||
| 942 | _cBK | ||
| 999 |
_c6151 _d6151 |
||